[Event "High League 2019 m"]
[Site "Yaroslavl"]
[Date "2019.06.28"]
[Round "2.9"]
[White "Sjugirov, Sanan"]
[Black "Rychkov, Oleg"]
[Result "1-0"]
[WhiteElo "2667"]
[BlackElo "2409"]
[PlyCount "107"]
[EventDate "2019.??.??"]

1. Nf3 Nf6 2. c4 e6 3. g3 d5 4. Bg2 dxc4 5. O-O c6 6. a4 Be7 7. Na3 O-O 8. Nxc4
c5 9. Nfe5 Nd5 10. Qb3 f6 11. Nf3 Nc6 12. Rd1 Ndb4 13. d4 cxd4 14. Be3 dxe3 15.
Rxd8 exf2+ 16. Kxf2 Rxd8 17. Bh3 Kh8 18. Rd1 e5 19. Rxd8+ Nxd8 20. Bxc8 Rxc8
21. Kg2 Ndc6 22. Ne3 g6 23. Qe6 Rd8 24. h4 Kg7 25. h5 Rd6 26. Qg4 Kf7 27. Qh4
Kg7 28. Qg4 Kf7 29. Qh4 Kg7 30. hxg6 hxg6 31. Ng4 g5 32. Qh5 e4 33. Qh6+ Kf7
34. Qh7+ Ke8 35. Qxe4 Nd5 36. Nh6 Nc7 37. Nf5 Rd7 38. b4 a6 39. b5 axb5 40.
axb5 Nxb5 41. Qe6 g4 42. Qg8+ Bf8 43. Qxg4 Nd6 44. Qg6+ Rf7 45. Ne3 Be7 46. Nd5
Bd8 47. e4 Be7 48. Qg8+ Bf8 49. Qg6 Be7 50. Qg4 Nd8 51. e5 fxe5 52. Nxe5 Rf5
53. Qg8+ Bf8 54. Qg6+ 1-0

[Event "High League 2019 m"]
[Site "Yaroslavl"]
[Date "2019.06.28"]
[Round "2.11"]
[White "Motylev, Alexander"]
[Black "Frolyanov, Dmitry"]
[Result "1/2-1/2"]
[WhiteElo "2654"]
[BlackElo "2538"]
[PlyCount "93"]
[EventDate "2019.??.??"]

1. e4 c5 2. Nc3 Nc6 3. Bb5 Nd4 4. Bc4 e6 5. Nge2 a6 6. a4 Nf6 7. O-O d5 8. exd5
exd5 9. Ba2 Be7 10. Nxd4 cxd4 11. Ne2 d3 12. cxd3 O-O 13. d4 Re8 14. d3 Qb6 15.
Qb3 Qxb3 16. Bxb3 Bf5 17. Rd1 Bd8 18. Kf1 Bg4 19. f3 Bd7 20. Bf4 Bc6 21. a5 Nh5
22. Be5 f6 23. Bd6 Re6 24. Bc5 Bc7 25. g3 g5 26. Nc3 Rd8 27. Re1 Rxe1+ 28. Kxe1
Kf7 29. Bb6 Bxb6 30. axb6 Ng7 31. Ra5 Ne6 32. Bxd5 Bxd5 33. Rxd5 Rxd5 34. Nxd5
Nxd4 35. Kf2 Ke6 36. Nc3 f5 37. g4 h6 38. Ne2 Nb3 39. gxf5+ Kxf5 40. Ke3 Nc5
41. Ng3+ Ke6 42. Ne4 Na4 43. Kd4 Nxb6 44. Nc5+ Kf5 45. Nxb7 Kf4 46. Nd6 Kxf3
47. Nf7 1/2-1/2

[Event "High League 2019 m"]
[Site "Yaroslavl"]
[Date "2019.06.28"]
[Round "2.12"]
[White "Lomasov, Semyon"]
[Black "Alekseev, Evgeny"]
[Result "1/2-1/2"]
[WhiteElo "2542"]
[BlackElo "2645"]
[PlyCount "51"]
[EventDate "2019.??.??"]

1. c4 c5 2. Nf3 Nc6 3. Nc3 Nf6 4. g3 d6 5. Bg2 g6 6. d4 cxd4 7. Nxd4 Bd7 8. Nc2
Bg7 9. O-O h5 10. Bg5 Nh7 11. Be3 h4 12. gxh4 Nf8 13. Ne4 Ne6 14. f4 Qa5 15. b4
Qh5 16. Rb1 Qxh4 17. h3 f5 18. Nd2 Bf6 19. Nf3 Qg3 20. Qe1 Rxh3 21. Bf2 Qg4 22.
Ne3 Qh5 23. Nd5 Qg4 24. Ne3 Qh5 25. Nd5 Qg4 26. Ne3 1/2-1/2

[Event "High League 2019 m"]
[Site "Yaroslavl"]
[Date "2019.06.28"]
[Round "2.13"]
[White "Zvjaginsev, Vadim"]
[Black "Khanin, Semen"]
[Result "1-0"]
[WhiteElo "2644"]
[BlackElo "2529"]
[PlyCount "91"]
[EventDate "2019.??.??"]

1. b3 e5 2. Bb2 Nc6 3. Nf3 e4 4. Nd4 Nf6 5. e3 Nxd4 6. Bxd4 d5 7. c4 dxc4 8.
Bxc4 Be7 9. Nc3 Bf5 10. O-O O-O 11. f3 c5 12. Be5 exf3 13. Qxf3 Bd3 14. Rf2
Bxc4 15. bxc4 Qd7 16. Rb1 Ng4 17. Rxb7 Qe6 18. Rxe7 Qxe7 19. Bxg7 Kxg7 20.
Qxg4+ Kh8 21. Nd5 Qe6 22. Qd1 Qg6 23. Ne7 Qe6 24. Nd5 Qg6 25. Qa1+ Qg7 26. Nf6
Rab8 27. Rf1 Rb6 28. Nd7 Qxa1 29. Rxa1 Rd8 30. Nxb6 axb6 31. Rd1 Ra8 32. Kf2
Rxa2 33. Ke2 Rb2 34. Kd3 Kg7 35. Kc3 Ra2 36. Rb1 Ra3+ 37. Rb3 Ra1 38. Rxb6 Rc1+
39. Kd3 Rg1 40. g3 Rg2 41. Rc6 Rxh2 42. Rxc5 Rg2 43. Rg5+ Kf6 44. Rg4 h5 45.
Rf4+ Kg5 46. c5 1-0

[Event "High League 2019 m"]
[Site "Yaroslavl"]
[Date "2019.06.28"]
[Round "2.14"]
[White "Nesterov, Arseniy"]
[Black "Sarana, Alexey"]
[Result "0-1"]
[WhiteElo "2423"]
[BlackElo "2641"]
[PlyCount "94"]
[EventDate "2019.??.??"]

1. Nf3 d5 2. d4 Nf6 3. c4 e6 4. Nc3 dxc4 5. e4 b5 6. e5 Nfd7 7. Nxb5 Nb6 8. Be2
Nc6 9. O-O Be7 10. Be3 O-O 11. Rc1 Ba6 12. Nc3 Nb4 13. b3 cxb3 14. Bxa6 b2 15.
Rb1 Nxa6 16. Qe2 Nb4 17. Rxb2 N4d5 18. Nxd5 Nxd5 19. Nd2 Qd7 20. Ne4 Rfb8 21.
Rfb1 Rb6 22. h3 Rab8 23. Qc2 h6 24. Bd2 Rxb2 25. Rxb2 Rxb2 26. Qxb2 Qa4 27.
Qb8+ Bf8 28. Be3 Qxa2 29. Nc5 Qa3 30. Nd7 a5 31. Bd2 a4 32. Kh2 Qe7 33. Nc5 a3
34. Qa8 f6 35. f4 g5 36. g3 gxf4 37. Bxf4 Nxf4 38. gxf4 fxe5 39. fxe5 Qf7 40.
Kg2 Qg6+ 41. Kf3 Qb1 42. Qxa3 Qf1+ 43. Kg4 h5+ 44. Kxh5 Qf5+ 45. Kh4 Qf4+ 46.
Kh5 Be7 47. Qa8+ Kf7 0-1

[Event "High League 2019 m"]
[Site "Yaroslavl"]
[Date "2019.06.28"]
[Round "2.15"]
[White "Lysyj, Igor"]
[Black "Drygalov, Sergey"]
[Result "1-0"]
[WhiteElo "2623"]
[BlackElo "2492"]
[PlyCount "91"]
[EventDate "2019.??.??"]

1. d4 d5 2. c4 c6 3. Nf3 Nf6 4. e3 Bf5 5. Nc3 e6 6. Nh4 Be4 7. f3 Bg6 8. Qb3
Qc7 9. Bd2 Be7 10. O-O-O dxc4 11. Bxc4 b5 12. Be2 a6 13. Nxg6 hxg6 14. Ne4 Nbd7
15. Kb1 Nxe4 16. fxe4 c5 17. e5 c4 18. Qc2 a5 19. h4 Nb6 20. h5 g5 21. h6 g6
22. Bf3 Ra6 23. Be4 b4 24. Rdf1 Nd5 25. Rxf7 Kxf7 26. Bxg6+ Kg8 27. Bh5 Rxh6
28. Bf7+ Kxf7 29. Rxh6 Ke8 30. Qg6+ Kd7 31. Rh8 Bd8 32. e4 Ne7 33. Qe8+ Kc8 34.
Bxg5 Ra7 35. Bxe7 Qxe7 36. Qc6+ Rc7 37. Qa8+ Kd7 38. d5 Rc8 39. Qb7+ Rc7 40.
Qa8 Rc8 41. Qb7+ Rc7 42. Qb5+ Kc8 43. Qa6+ Rb7 44. d6 Qd7 45. Qa8+ Rb8 46.
Rxd8+ 1-0

[Event "High League 2019 m"]
[Site "Yaroslavl"]
[Date "2019.06.28"]
[Round "2.17"]
[White "Shimanov, Aleksandr"]
[Black "Mirzaev, Aziz"]
[Result "1-0"]
[WhiteElo "2615"]
[BlackElo "2433"]
[PlyCount "134"]
[EventDate "2019.??.??"]

1. e4 c6 2. d4 d5 3. e5 Bf5 4. Nf3 e6 5. Be2 c5 6. Be3 cxd4 7. Nxd4 Ne7 8. Nd2
Nbc6 9. N2f3 Bg4 10. O-O Bxf3 11. Nxf3 Ng6 12. c4 dxc4 13. Bxc4 Qxd1 14. Rfxd1
a6 15. Rac1 Be7 16. Bd3 O-O-O 17. Bb6 Rd5 18. Nd4 Bg5 19. Nxc6 Bxc1 20. Nb4
Bxb2 21. Nxd5 exd5 22. Bf5+ Kb8 23. Bxg6 hxg6 24. Rxd5 g5 25. g3 Re8 26. Rd7
Bxe5 27. Rxf7 Bf6 28. Kg2 g4 29. a4 a5 30. Kf1 Rh8 31. Ke2 Kc8 32. Rc7+ Kb8 33.
Rc4 Rxh2 34. Bxa5 Ka7 35. Rxg4 Rh5 36. Bd2 Ka6 37. Re4 Kb6 38. Re6+ Kc7 39. Kf3
Rd5 40. Bf4+ Kd7 41. Rb6 Kc8 42. Rb4 Ra5 43. Be3 Rf5+ 44. Kg4 Rd5 45. Kf4 Kc7
46. g4 Be7 47. Rb5 Rd6 48. Re5 Rf6+ 49. Ke4 Bd6 50. Rf5 Re6+ 51. Kd5 Re7 52.
Bd4 Rd7 53. Kc4 Kc6 54. Rg5 Bf8 55. Rg6+ Kc7 56. f4 Kd8 57. f5 Rc7+ 58. Kd5
Rd7+ 59. Ke4 Ke8 60. Re6+ Kf7 61. g5 Be7 62. g6+ Kg8 63. Be5 Kf8 64. Rb6 Bc5
65. Rb5 b6 66. a5 Rb7 67. axb6 Bxb6 1-0

[Event "High League 2019 m"]
[Site "Yaroslavl"]
[Date "2019.06.28"]
[Round "2.18"]
[White "Galaktionov, Artem"]
[Black "Kokarev, Dmitry"]
[Result "1/2-1/2"]
[WhiteElo "2371"]
[BlackElo "2609"]
[PlyCount "156"]
[EventDate "2019.??.??"]

1. d4 g6 2. c4 Bg7 3. e4 c5 4. d5 d6 5. Bd3 e6 6. h3 Ne7 7. Nf3 O-O 8. O-O h6
9. Nc3 g5 10. h4 g4 11. Ne1 exd5 12. cxd5 Ng6 13. g3 Ne5 14. Be2 f5 15. Nd3
Nbd7 16. Bf4 h5 17. Bg5 Qb6 18. Na4 Qa5 19. Nf4 Nf6 20. Bxf6 Bxf6 21. Nxh5 fxe4
22. Nxf6+ Rxf6 23. Nc3 Bf5 24. Qd2 Re8 25. Nxe4 Qxd2 26. Nxd2 Bd3 27. Bxd3 Nxd3
28. f4 Re3 29. f5 Rxg3+ 30. Kh2 Re3 31. Nc4 Rh3+ 32. Kg2 b5 33. Na5 Rxh4 34.
Kg3 Rh3+ 35. Kxg4 Rh7 36. b3 Rg7+ 37. Kf3 Nb4 38. Ke2 Rg2+ 39. Kf3 Rg7 40. Ke2
Re7+ 41. Kd2 Re5 42. a3 Rxd5+ 43. Kc3 Rd3+ 44. Kb2 Nd5 45. Nc6 Rh6 46. Rf2 Rhh3
47. Na5 Ne3 48. Rg1+ Kf7 49. Kc1 c4 50. f6 cxb3 51. Nb7 Rh8 52. Rf3 b2+ 53. Kb1
Rxa3 54. Rg7+ Kf8 55. Nd8 Rh1+ 56. Kxb2 Nc4+ 57. Kc2 Rh2+ 58. Kb1 Rh1+ 59. Kc2
Ra2+ 60. Kb3 Ra3+ 61. Kc2 Rh2+ 62. Kb1 Nd2+ 63. Kb2 Nxf3+ 64. Kxa3 Nd4 65. Rxa7
Rh3+ 66. Kb2 b4 67. Re7 Rh2+ 68. Kb1 Rf2 69. Ne6+ Nxe6 70. Rxe6 Rd2 71. Re7 b3
72. Rd7 b2 73. f7 d5 74. Ka2 Rf2 75. Rxd5 Rxf7 76. Kxb2 Re7 77. Rf5+ Rf7 78.
Rxf7+ Kxf7 1/2-1/2

[Event "High League 2019 m"]
[Site "Yaroslavl"]
[Date "2019.06.28"]
[Round "2.22"]
[White "Fedoseev, Vladimir"]
[Black "Ibadov, Dashgyn"]
[Result "1-0"]
[WhiteElo "2680"]
[BlackElo "2298"]
[PlyCount "83"]
[EventDate "2019.??.??"]

1. Nf3 c5 2. b3 Nf6 3. Bb2 e6 4. g3 b6 5. Bg2 Bb7 6. O-O Be7 7. d3 d5 8. e4
dxe4 9. Nfd2 O-O 10. dxe4 Qc7 11. e5 Nfd7 12. Nf3 Nc6 13. Qe2 Rfd8 14. Nbd2 Nd4
15. Nxd4 Bxg2 16. Kxg2 cxd4 17. Nf3 Rac8 18. Rac1 Bb4 19. Rfd1 Bc3 20. Bxc3
dxc3 21. Rd4 Nf8 22. Rcd1 Rxd4 23. Rxd4 h6 24. Qd3 Qe7 25. a4 Rc5 26. h4 g6 27.
b4 Rc6 28. Nh2 h5 29. Nf3 Qc7 30. Kf1 a5 31. b5 Rc5 32. Ke2 Kg7 33. Ke3 Qe7 34.
Rd6 Qc7 35. Qd4 Qb7 36. Ke2 Qc7 37. Ng5 Rc4 38. Qxb6 Qxb6 39. Rxb6 Nd7 40. Rb7
Rd4 41. Ke3 Rd1 42. f4 1-0

[Event "High League 2019 m"]
[Site "Yaroslavl"]
[Date "2019.06.28"]
[Round "2.23"]
[White "Kardashevskiy, Evgeny"]
[Black "Alekseenko, Kirill"]
[Result "1/2-1/2"]
[WhiteElo "2429"]
[BlackElo "2650"]
[PlyCount "82"]
[EventDate "2019.??.??"]

1. d4 d6 2. Nf3 Nf6 3. c4 g6 4. Nc3 Bf5 5. Bg5 Bg7 6. e3 h6 7. Bh4 g5 8. Bg3
Nh5 9. Nd2 Bg6 10. Be2 Nxg3 11. hxg3 Nd7 12. Bh5 Bxh5 13. Qxh5 c5 14. d5 Qa5
15. Rc1 Bxc3 16. Rxc3 Qxa2 17. Rb3 Ne5 18. Qd1 b5 19. Rxb5 Nxc4 20. O-O O-O 21.
Rb7 Nxd2 22. Qxd2 Rfe8 23. Qd3 Rab8 24. Qb5 a6 25. Qb6 Rxb7 26. Qxb7 Qa4 27. b3
Qb5 28. Qxb5 axb5 29. Ra1 Kg7 30. f4 Kf6 31. e4 gxf4 32. gxf4 e5 33. Ra6 exf4
34. Rxd6+ Ke5 35. Rc6 Kd4 36. d6 c4 37. bxc4 bxc4 38. Kf2 Kd3 39. d7 Rd8 40. e5
c3 41. Rxh6 Kd4 1/2-1/2

[Event "High League 2019 m"]
[Site "Yaroslavl"]
[Date "2019.06.28"]
[Round "2.25"]
[White "Khismatullin, Denis"]
[Black "Sadovsky, Artem"]
[Result "1-0"]
[WhiteElo "2618"]
[BlackElo "2416"]
[PlyCount "118"]
[EventDate "2019.??.??"]

1. e4 e5 2. Nf3 Nc6 3. Bc4 Nf6 4. d3 Bc5 5. O-O O-O 6. a4 a5 7. Re1 d6 8. c3 h6
9. Nbd2 Be6 10. b3 Qb8 11. Ra2 Qa7 12. Nf1 Rad8 13. Ng3 Qb6 14. Rd2 Rfe8 15.
Bxe6 fxe6 16. d4 exd4 17. b4 dxc3 18. bxc5 Qxc5 19. Rd3 Nb4 20. Ba3 Ng4 21. Nh1
Ne5 22. Nxe5 Qxe5 23. Rg3 d5 24. exd5 Rxd5 25. Qc1 Qxe1+ 26. Qxe1 c2 27. Rxg7+
Kxg7 28. Qc3+ Kf7 29. Qxc7+ Re7 30. Qf4+ Ke8 31. g4 Rd1+ 32. Kg2 Ra1 33. Qb8+
Kf7 34. Bb2 Nd3 35. Qh8 Nxb2 36. Qh7+ Kf8 37. Qxc2 Nxa4 38. Ng3 b5 39. Qc8+ Re8
40. Qc7 Rd1 41. Nh5 Re7 42. Qb8+ Kf7 43. Qf4+ Ke8 44. Nf6+ Kf7 45. Nd5+ Ke8 46.
Qb8+ Kf7 47. Nxe7 Kxe7 48. Qxb5 Rd4 49. h3 Kd6 50. Qxa5 Nc5 51. Qd8+ Ke5 52.
Qh8+ Kd5 53. Qxh6 Nd3 54. Kg3 e5 55. h4 Nf4 56. h5 Rd3+ 57. Kh4 Rf3 58. Qb6
Rh3+ 59. Kg5 Ne6+ 1-0

[Event "High League 2019 m"]
[Site "Yaroslavl"]
[Date "2019.06.29"]
[Round "3.2"]
[White "Esipenko, Andrey"]
[Black "Paravyan, David"]
[Result "1/2-1/2"]
[WhiteElo "2611"]
[BlackElo "2605"]
[PlyCount "203"]
[EventDate "2019.??.??"]

1. d4 Nf6 2. Nf3 d5 3. c4 e6 4. Nc3 Bb4 5. Qa4+ Nc6 6. e3 O-O 7. Qc2 Bd6 8. a3
e5 9. cxd5 exd4 10. dxc6 dxc3 11. Qxc3 bxc6 12. Qxc6 Rb8 13. Be2 Bb7 14. Qc2
Be4 15. Bd3 Bd5 16. O-O Re8 17. b4 a5 18. bxa5 c5 19. Bc4 Be4 20. Qd1 Qe7 21.
Ra2 Rbd8 22. Rd2 Bc7 23. Ng5 Bg6 24. a6 Rxd2 25. Bxd2 Bh5 26. Be2 Qd6 27. g3
Bxe2 28. Qxe2 h6 29. Nf3 Ra8 30. Bc3 Nd5 31. Bb2 Qxa6 32. Qc2 Rb8 33. Qxc5 Rxb2
34. Qxd5 Qxa3 35. Rc1 Qd6 36. Qe4 Rb8 37. Nd4 g6 38. h4 h5 39. Nf3 Bd8 40. Kg2
Bf6 41. Rc6 Qd8 42. Qc4 Kg7 43. Rc7 Qe8 44. Nd2 Rb6 45. Ne4 Re6 46. Nxf6 Rxf6
47. Qd4 Qe6 48. Rc5 Kh7 49. e4 Qd6 50. Qc3 Re6 51. Rc7 Re7 52. Rxe7 Qxe7 53.
Qd4 Kg8 54. Kf3 Qe6 55. Qd5 Qf6+ 56. Ke3 Qc3+ 57. Qd3 Qc1+ 58. Qd2 Qc7 59. Kf3
Qc8 60. Kg2 Qc7 61. Qd3 Qe7 62. f4 Qb7 63. Qf3 Qb2+ 64. Kh3 Kg7 65. f5 Qa1 66.
fxg6 fxg6 67. Kg2 Qb2+ 68. Qf2 Qc3 69. Qe2 Qe5 70. Qd3 Kf7 71. Kf3 Kg7 72. Qd2
Qa1 73. Qd3 Kh7 74. Kf4 Qf6+ 75. Ke3 Qb6+ 76. Qd4 Qb3+ 77. Kf4 Qf7+ 78. Kg5 Qc7
79. e5 Qf7 80. Qe4 Kg7 81. Qc2 Qe7+ 82. Kf4 Qd7 83. Ke3 Qa7+ 84. Ke2 Qd4 85.
Qc7+ Kh6 86. Qd6 Qe4+ 87. Kf2 Qc2+ 88. Ke3 Qc3+ 89. Ke4 Qc4+ 90. Qd4 Qc6+ 91.
Qd5 Qa4+ 92. Ke3 Qa3+ 93. Qd3 Qc5+ 94. Ke4 Qc6+ 95. Kd4 Qd7+ 96. Ke3 Qh3 97.
Kd2 Qg2+ 98. Kd1 Qh1+ 99. Kc2 Qc6+ 100. Qc3 Qe4+ 101. Kb3 g5 102. hxg5+ 1/2-1/2

[Event "High League 2019 m"]
[Site "Yaroslavl"]
[Date "2019.06.29"]
[Round "3.3"]
[White "Shimanov, Aleksandr"]
[Black "Sjugirov, Sanan"]
[Result "1/2-1/2"]
[WhiteElo "2615"]
[BlackElo "2667"]
[PlyCount "66"]
[EventDate "2019.??.??"]

1. e4 c5 2. Nc3 d6 3. Bb5+ Bd7 4. Bxd7+ Qxd7 5. d4 cxd4 6. Qxd4 Nc6 7. Qd3 g6
8. Nf3 Bg7 9. O-O Nf6 10. Nd5 O-O 11. Bg5 Nxd5 12. exd5 Ne5 13. Nxe5 Bxe5 14.
Rae1 Rfe8 15. c3 Bf6 16. h4 Bxg5 17. hxg5 e5 18. dxe6 Rxe6 19. Rxe6 Qxe6 20. b3
Re8 21. Rd1 Qe5 22. c4 Re6 23. Qf3 Qxg5 24. Qxb7 Qa5 25. a4 Re1+ 26. Rxe1 Qxe1+
27. Kh2 Qxf2 28. Qb8+ Kg7 29. Qxd6 Qh4+ 30. Kg1 Qe1+ 31. Kh2 Qh4+ 32. Kg1 Qe1+
33. Kh2 Qh4+ 1/2-1/2

[Event "High League 2019 m"]
[Site "Yaroslavl"]
[Date "2019.06.29"]
[Round "3.4"]
[White "Dreev, Aleksey"]
[Black "Petrov, Nikita"]
[Result "1/2-1/2"]
[WhiteElo "2657"]
[BlackElo "2610"]
[PlyCount "93"]
[EventDate "2019.??.??"]

1. d4 Nf6 2. Nf3 e6 3. c4 b6 4. a3 Bb7 5. Nc3 Ne4 6. Nxe4 Bxe4 7. b3 g6 8. e3
Bg7 9. Bd3 Bb7 10. Bb2 d6 11. Qc2 Nd7 12. Be4 Bxe4 13. Qxe4 O-O 14. O-O Qe7 15.
Qc6 Nf6 16. b4 Qd7 17. Qxd7 Nxd7 18. Rfd1 Rfc8 19. Rab1 c6 20. Nd2 a5 21. b5
cxb5 22. cxb5 Rc2 23. Kf1 Nf6 24. Ke1 Rac8 25. Rdc1 d5 26. Kd1 Rxc1+ 27. Rxc1
Rxc1+ 28. Bxc1 Bf8 29. f3 Bd6 30. h3 Ne8 31. Ke2 Nc7 32. a4 Bb4 33. e4 Kf8 34.
Nf1 Ke7 35. Bf4 Bd6 36. e5 Bb4 37. Ne3 Kd7 38. Ng4 Be7 39. Bh6 Ne8 40. f4 f5
41. Nh2 Nc7 42. Nf3 Ke8 43. Bg5 Bxg5 44. Nxg5 h6 45. Nh7 Ke7 46. Nf6 Ne8 47.
Nxe8 1/2-1/2

[Event "High League 2019 m"]
[Site "Yaroslavl"]
[Date "2019.06.29"]
[Round "3.5"]
[White "Sakaev, Konstantin"]
[Black "Zvjaginsev, Vadim"]
[Result "1/2-1/2"]
[WhiteElo "2584"]
[BlackElo "2644"]
[PlyCount "56"]
[EventDate "2019.??.??"]

1. d4 e6 2. c4 Bb4+ 3. Bd2 Bxd2+ 4. Qxd2 Nf6 5. Nf3 d5 6. g3 O-O 7. Bg2 Nbd7 8.
O-O c6 9. Qc2 b6 10. cxd5 cxd5 11. Nc3 a6 12. Rfc1 Bb7 13. Qb3 Qe7 14. Rc2 Rfc8
15. Rac1 g6 16. e3 Kg7 17. a3 Qd6 18. Ne2 Rxc2 19. Rxc2 Rc8 20. Rxc8 Bxc8 21.
Qc2 Bb7 22. Nc3 Qc7 23. Nd2 Ne8 24. Qb3 Nd6 25. Bf1 Qc6 26. Bg2 Qc7 27. Bf1 Qc6
28. Bg2 Qc7 1/2-1/2

[Event "High League 2019 m"]
[Site "Yaroslavl"]
[Date "2019.06.29"]
[Round "3.6"]
[White "Sarana, Alexey"]
[Black "Popov, Ivan"]
[Result "1/2-1/2"]
[WhiteElo "2641"]
[BlackElo "2599"]
[PlyCount "81"]
[EventDate "2019.??.??"]

1. d4 d5 2. Nf3 Nf6 3. c4 dxc4 4. e3 e6 5. Bxc4 c5 6. O-O cxd4 7. exd4 Be7 8.
Nc3 O-O 9. d5 exd5 10. Nxd5 Nxd5 11. Bxd5 Nc6 12. Be3 Bf5 13. Bxc6 bxc6 14. Qa4
c5 15. Rac1 Qb6 16. b3 Rfd8 17. h3 h6 18. Rfe1 Bf8 19. Red1 Rxd1+ 20. Rxd1 Rd8
21. Rxd8 Qxd8 22. Nd2 Qd7 23. Qa5 g6 24. Qa6 h5 25. Qc4 Qd3 26. Qa4 Qd7 27.
Qxd7 Bxd7 28. Ne4 Bc6 29. Nxc5 Bxc5 30. Bxc5 a6 31. f3 f5 32. Kf2 Kf7 33. Ke3
Ke6 34. Kd4 Bb5 35. h4 Bf1 36. g3 Be2 37. Ke3 Bd1 38. Bb4 Kd5 39. Kf4 Ke6 40.
Bc3 Bc2 41. b4 1/2-1/2

[Event "High League 2019 m"]
[Site "Yaroslavl"]
[Date "2019.06.29"]
[Round "3.7"]
[White "Levin, Evgeny A"]
[Black "Chigaev, Maksim"]
[Result "0-1"]
[WhiteElo "2504"]
[BlackElo "2640"]
[PlyCount "92"]
[EventDate "2019.??.??"]

1. d4 Nf6 2. c4 g6 3. Nc3 Bg7 4. e4 d6 5. Nf3 O-O 6. Be2 e5 7. O-O Na6 8. Re1
c6 9. Bf1 exd4 10. Nxd4 Ng4 11. h3 Qb6 12. hxg4 Qxd4 13. Qf3 Qe5 14. Bf4 Qe7
15. Qe3 Re8 16. Rad1 Be5 17. g5 Nc5 18. Bh2 a5 19. f3 b6 20. Rd2 Bb7 21. Red1
Rad8 22. Bf4 Ne6 23. Bxe5 dxe5 24. Rxd8 Rxd8 25. Qxb6 Nd4 26. f4 Rd7 27. Qa7
Qd8 28. g3 c5 29. Bh3 Nf3+ 30. Kf2 Rxd1 31. Nxd1 Qd2+ 32. Kxf3 Qxd1+ 33. Kf2
Qd4+ 34. Kf1 Qxc4+ 35. Kg1 Qd4+ 36. Kh1 Bxe4+ 37. Bg2 Bxg2+ 38. Kxg2 Qxb2+ 39.
Kh3 exf4 40. gxf4 Qc3+ 41. Kg4 Kg7 42. a4 Qe3 43. Qxa5 h5+ 44. gxh6+ Kxh6 45.
Qc7 f5+ 46. Kh4 Qf3 0-1

[Event "High League 2019 m"]
[Site "Yaroslavl"]
[Date "2019.06.29"]
[Round "3.8"]
[White "Rozum, Ivan"]
[Black "Lysyj, Igor"]
[Result "1/2-1/2"]
[WhiteElo "2572"]
[BlackElo "2623"]
[PlyCount "80"]
[EventDate "2019.??.??"]

1. d4 Nf6 2. c4 e6 3. Nc3 Bb4 4. e3 O-O 5. Nge2 d5 6. a3 Bd6 7. Ng3 c5 8. dxc5
Bxc5 9. b4 Be7 10. cxd5 Nxd5 11. Nxd5 Qxd5 12. Qxd5 exd5 13. Bb2 a5 14. bxa5
Rxa5 15. Be2 Nc6 16. O-O g6 17. a4 Be6 18. Bb5 Raa8 19. Ne2 Rfd8 20. Rfc1 Rac8
21. Nd4 Nxd4 22. Bxd4 Rxc1+ 23. Rxc1 Rc8 24. Rxc8+ Bxc8 25. Kf1 f5 26. Ke2 Kf7
27. g3 Ke6 28. h4 Bd7 29. Bxd7+ Kxd7 30. Kd3 Bb4 31. Bc3 Bc5 32. Bd2 Ke6 33.
Be1 h5 34. f4 Kd7 35. Bd2 Kc6 36. Bc3 b5 37. axb5+ Kxb5 38. Bd2 Ka4 39. Bc3 Kb3
40. Bd2 Ka4 1/2-1/2

[Event "High League 2019 m"]
[Site "Yaroslavl"]
[Date "2019.06.29"]
[Round "3.9"]
[White "Grachev, Boris"]
[Black "Bocharov, Ivan"]
[Result "1/2-1/2"]
[WhiteElo "2621"]
[BlackElo "2559"]
[PlyCount "89"]
[EventDate "2019.??.??"]

1. Nf3 d5 2. e3 Bg4 3. c4 c6 4. cxd5 Bxf3 5. Qxf3 cxd5 6. Bb5+ Nc6 7. Bxc6+
bxc6 8. b3 e6 9. Bb2 Nf6 10. O-O Be7 11. Nc3 Qa5 12. Rac1 O-O 13. Rc2 c5 14.
Rfc1 Rac8 15. d3 Rfd8 16. h3 Qa6 17. Na4 Qxd3 18. Nxc5 Qb5 19. a4 Qb8 20. Bxf6
Bxf6 21. Nd7 Rxc2 22. Nxf6+ gxf6 23. Rxc2 Qxb3 24. Qxf6 Qxc2 25. Qg5+ Kf8 26.
Qxd8+ Kg7 27. Qa5 Qb1+ 28. Kh2 Qb8+ 29. f4 Qb6 30. Qc3+ f6 31. a5 Qd6 32. Qd4
Qc7 33. a6 Kg6 34. Kg3 h5 35. Kf3 Qc1 36. Kf2 h4 37. f5+ exf5 38. Qxd5 Qb2+ 39.
Kf3 Qa1 40. Qg8+ Kh6 41. Qh8+ Kg6 42. Qe8+ Kg5 43. Qg8+ Kh6 44. Qh8+ Kg6 45.
Qg8+ 1/2-1/2

[Event "High League 2019 m"]
[Site "Yaroslavl"]
[Date "2019.06.29"]
[Round "3.10"]
[White "Najer, Evgeniy"]
[Black "Iljiushenok, Ilia"]
[Result "0-1"]
[WhiteElo "2678"]
[BlackElo "2549"]
[PlyCount "88"]
[EventDate "2019.??.??"]

1. e4 c5 2. Nf3 d6 3. d4 cxd4 4. Nxd4 Nf6 5. Nc3 a6 6. h3 e5 7. Nde2 h5 8. Be3
Be7 9. Nd5 Nxd5 10. Qxd5 Qc7 11. Nc3 Be6 12. Qd2 Nd7 13. O-O-O Rc8 14. Kb1 b5
15. Nd5 Bxd5 16. exd5 f5 17. g3 Bf6 18. Be2 h4 19. c3 g6 20. Qc2 Kf7 21. g4 f4
22. g5 Be7 23. Bd2 Nc5 24. c4 Qb7 25. cxb5 axb5 26. Bg4 Nd7 27. Qb3 Rc4 28. Bb4
Rhc8 29. a3 Kg7 30. Rhe1 Qa7 31. Qf3 Ra8 32. Re4 Nb6 33. Be6 Rxe4 34. Qxe4 Nc4
35. Qe2 f3 36. Qc2 Rf8 37. Ka2 Rf4 38. Rc1 Bxg5 39. Rg1 Kh6 40. Bg4 e4 41. Re1
e3 42. fxe3 Nxe3 43. Qc8 Rxb4 44. Rxe3 Bf6 0-1

[Event "High League 2019 m"]
[Site "Yaroslavl"]
[Date "2019.06.29"]
[Round "3.11"]
[White "Frolyanov, Dmitry"]
[Black "Fedoseev, Vladimir"]
[Result "1/2-1/2"]
[WhiteElo "2538"]
[BlackElo "2680"]
[PlyCount "88"]
[EventDate "2019.??.??"]

1. e4 c5 2. Nf3 d6 3. d4 cxd4 4. Nxd4 Nf6 5. Nc3 a6 6. Bg5 Nbd7 7. Qe2 e6 8. f4
h6 9. Bh4 Qc7 10. O-O-O Be7 11. g4 g5 12. fxg5 hxg5 13. Bxg5 Ne5 14. Rg1 b5 15.
a3 Rb8 16. Na2 Qc4 17. Nb4 Qxe2 18. Bxe2 Bb7 19. Bxf6 Bxf6 20. g5 Bg7 21. g6
Rxh2 22. gxf7+ Kxf7 23. Bg4 Nxg4 24. Rxg4 Rbh8 25. Ndc6 Rf2 26. Kb1 Bxc6 27.
Nxc6 Bf8 28. e5 d5 29. Nd8+ Ke7 30. Nc6+ Ke8 31. Rg6 Rh6 32. Rxh6 Bxh6 33. Rg1
Bf8 34. Nb8 a5 35. Nc6 Re2 36. Rg5 Re1+ 37. Ka2 Rc1 38. Nd4 Kd7 39. Rg6 Bc5 40.
Nxe6 Rxc2 41. Kb1 Rc4 42. b3 Rc3 43. Kb2 b4 44. axb4 axb4 1/2-1/2

[Event "High League 2019 m"]
[Site "Yaroslavl"]
[Date "2019.06.29"]
[Round "3.12"]
[White "Triapishko, Alexandr"]
[Black "Motylev, Alexander"]
[Result "1/2-1/2"]
[WhiteElo "2512"]
[BlackElo "2654"]
[PlyCount "120"]
[EventDate "2019.??.??"]

1. e4 e5 2. Nf3 Nc6 3. Bb5 a6 4. Ba4 Nf6 5. O-O Be7 6. d3 b5 7. Bb3 d6 8. a3
O-O 9. Nc3 Rb8 10. Nd5 Nxd5 11. Bxd5 Bd7 12. Be3 Bf6 13. b4 Ne7 14. Bb3 Ng6 15.
a4 bxa4 16. Bxa4 Rxb4 17. Bxd7 Qxd7 18. Rxa6 Rfb8 19. Nd2 Ra4 20. Rxa4 Qxa4 21.
Nb3 Ra8 22. g3 Qc6 23. Nd2 Nf8 24. Qb1 Ne6 25. Qb3 Bg5 26. Bxg5 Nxg5 27. Rb1
Ne6 28. Qb7 Qxb7 29. Rxb7 Kf8 30. Rb2 Ke7 31. Nc4 Kd7 32. Ne3 g6 33. Kg2 h5 34.
h4 Kc8 35. Nd5 Ra1 36. Rb4 Ra2 37. Rc4 Kd7 38. Nf6+ Kd8 39. Nd5 Nc5 40. Nb4 Ra1
41. Nc6+ Kd7 42. Nxe5+ dxe5 43. Rxc5 Kd6 44. Rd5+ Ke6 45. f4 f6 46. c3 Ra2+ 47.
Kf3 exf4 48. Kxf4 Rf2+ 49. Ke3 Rg2 50. Kf3 Rd2 51. c4 c6 52. Rd8 Ke7 53. Rg8
Rxd3+ 54. Kf4 Kf7 55. Rc8 Rd6 56. Rc7+ Kf8 57. Ke3 Kg8 58. c5 Re6 59. Kd4 Kf8
60. Rd7 Kg8 1/2-1/2

[Event "High League 2019 m"]
[Site "Yaroslavl"]
[Date "2019.06.29"]
[Round "3.13"]
[White "Yanchenko, Roman"]
[Black "Ponkratov, Pavel"]
[Result "1/2-1/2"]
[WhiteElo "2478"]
[BlackElo "2649"]
[PlyCount "161"]
[EventDate "2019.??.??"]

1. d4 Nf6 2. Nf3 c5 3. c3 e6 4. Bf4 Nc6 5. e3 Nh5 6. Bg5 Qb6 7. Nbd2 h6 8. Nc4
Qc7 9. Bh4 d5 10. Nce5 g5 11. Nxc6 bxc6 12. Ne5 cxd4 13. exd4 Nf4 14. Bg3 Bd6
15. Bxf4 gxf4 16. Qh5 Rb8 17. b4 Bxe5 18. Qxe5 Qxe5+ 19. dxe5 Rg8 20. O-O-O Rg5
21. Re1 a5 22. a3 Ra8 23. Kb2 Ba6 24. Bxa6 Rxa6 25. g3 Ke7 26. Re2 Ra8 27. Rd1
Rb8 28. Rd4 fxg3 29. hxg3 c5 30. Rh4 h5 31. Re3 Rg4 32. Rxh5 axb4 33. cxb4 cxb4
34. f4 bxa3+ 35. Ka2 Rb2+ 36. Kxa3 Rg2 37. Rh3 Rg8 38. Rc3 Kd7 39. Rh7 R8xg3
40. Rxf7+ Ke8 41. Rfc7 Rxc3+ 42. Rxc3 Rf2 43. Kb4 Rxf4+ 44. Kc5 Ke7 45. Rh3
Rc4+ 46. Kb5 Re4 47. Rh5 Kf7 48. Rg5 Rc4 49. Rg2 Rc1 50. Rf2+ Ke7 51. Rg2 Re1
52. Rg7+ Kf8 53. Rg5 Rc1 54. Rg2 Rc7 55. Rg6 Kf7 56. Rf6+ Ke7 57. Rg6 Rc2 58.
Rg7+ Ke8 59. Rg3 Kf7 60. Rf3+ Ke7 61. Rg3 Rc8 62. Rg7+ Kf8 63. Rg4 Kf7 64. Rf4+
Ke7 65. Rh4 Rc3 66. Rh7+ Kf8 67. Rh6 Kf7 68. Rf6+ Ke7 69. Rh6 Re3 70. Rh5 Kf7
71. Rg5 Rc3 72. Rg1 d4 73. Kb4 Rc8 74. Rg3 Rc1 75. Rg4 d3 76. Rd4 Rd1 77. Kc3
Kg6 78. Rxd3 Rxd3+ 79. Kxd3 Kf5 80. Ke2 Kxe5 81. Ke3 1/2-1/2